Online katalóg knižníc regiónu Turca

Kronika druhej svetovej vojny (Record no. 23002)

MARC details
000 -LEADER
fixed length control field 01658cam a2200457 a 4500
001 - CONTROL NUMBER
control field 23002
003 - CONTROL NUMBER IDENTIFIER
control field SK-KTurca
005 - DATE AND TIME OF LATEST TRANSACTION
control field 20260513140825.0
008 - FIXED-LENGTH DATA ELEMENTS--GENERAL INFORMATION
fixed length control field 180601s2007 xo oabcg 001 0 slo
015 ## - NATIONAL BIBLIOGRAPHY NUMBER
National bibliography number SNBA2008/10-04684
020 ## - INTERNATIONAL STANDARD BOOK NUMBER
International Standard Book Number 9788089144945
Qualifying information (viaz.)
035 ## - SYSTEM CONTROL NUMBER
System control number 79E7662F-108E-4AB7-A9CF-C412124E4AD3
035 ## - SYSTEM CONTROL NUMBER
System control number urn:nbn:sk:snk-am3h56x
035 ## - SYSTEM CONTROL NUMBER
System control number urn:nbn:sk:snk-am00cnu1
040 ## - CATALOGING SOURCE
Original cataloging agency POKPOH
Language of cataloging slo
Transcribing agency POKPOH
Modifying agency SNK
Description conventions AACR2
041 1# - LANGUAGE CODE
Language code of text/sound track or separate title slo
Language code of original ger
044 ## - COUNTRY OF PUBLISHING/PRODUCING ENTITY CODE
MARC country code xo
ISO country code SK
072 #7 - SUBJECT CATEGORY CODE
Subject category code 94(100)
Subject category code subdivision Svetové dejiny
Source konspekt
072 #7 - SUBJECT CATEGORY CODE
Subject category code 355/359
Subject category code subdivision Vojenstvo. Obrana krajiny. Ozbrojené sily
Source konspekt
080 ## - UNIVERSAL DECIMAL CLASSIFICATION NUMBER
Universal Decimal Classification number 94(100)"1939/1945"
Edition identifier 2001
080 ## - UNIVERSAL DECIMAL CLASSIFICATION NUMBER
Universal Decimal Classification number (031)
Edition identifier 2001
080 ## - UNIVERSAL DECIMAL CLASSIFICATION NUMBER
Universal Decimal Classification number 355.4 (091)
Edition identifier 2001
130 0# - MAIN ENTRY--UNIFORM TITLE
Uniform title Chronik des Zweiten Weltkriegs
Language of a work Slovensky
245 00 - TITLE STATEMENT
Title Kronika druhej svetovej vojny
Statement of responsibility, etc. [z nemeckého originálu preložili: Dávid Bystrický ... [et al.] ; úvodný predhovor napísali: František Cséfalvay, Jan Gebhart]
250 ## - EDITION STATEMENT
Edition statement 2. slov. vyd.
260 ## - PUBLICATION, DISTRIBUTION, ETC.
Place of publication, distribution, etc. Bratislava
Name of publisher, distributor, etc. Fortuna Libri
Date of publication, distribution, etc. 2007
300 ## - PHYSICAL DESCRIPTION
Extent 519 s.
Other physical details fotogr. (čiast. fareb.) , mp., tab.
Dimensions 29 cm
504 ## - BIBLIOGRAPHY, ETC. NOTE
Bibliography, etc. note Bibliogr. s. 504-505. Men. a miest. reg.
650 07 - SUBJECT ADDED ENTRY--TOPICAL TERM
Topical term or geographic name entry element druhá svetová vojna (1939-1945)
Source of heading or term SNKPH
650 07 - SUBJECT ADDED ENTRY--TOPICAL TERM
Topical term or geographic name entry element World War (1939-1945)
Source of heading or term SNKPHeng
650 07 - SUBJECT ADDED ENTRY--TOPICAL TERM
Topical term or geographic name entry element vojenské operácie
General subdivision dejiny
Source of heading or term SNKPH
650 07 - SUBJECT ADDED ENTRY--TOPICAL TERM
Topical term or geographic name entry element War operations
General subdivision history
Source of heading or term SNKPHeng
655 #7 - INDEX TERM--GENRE/FORM
Genre/form data or focus term encyklopédie
Source of term SNKPH
655 #7 - INDEX TERM--GENRE/FORM
Genre/form data or focus term Encyclopedias
Source of term SNKPHeng
700 1# - ADDED ENTRY--PERSONAL NAME
Personal name Bystrický, Dávid
Relationship trl
700 1# - ADDED ENTRY--PERSONAL NAME
Personal name Cséfalvay, František,
Dates associated with a name 1953-
Relationship aui
700 1# - ADDED ENTRY--PERSONAL NAME
Personal name Hrbek, Jaroslav
Relationship aui
942 ## - ADDED ENTRY ELEMENTS (KOHA)
Source of classification or shelving scheme Dewey Decimal Classification
Koha item type Odborná literatúra pre dospelých
Suppress in OPAC No
980 ## - EQUIVALENCE OR CROSS-REFERENCE-SERIES STATEMENT--PERSONAL NAME/TITLE [LOCAL, CANADA]
Personal name 355.4 (091)
980 ## - EQUIVALENCE OR CROSS-REFERENCE-SERIES STATEMENT--PERSONAL NAME/TITLE [LOCAL, CANADA]
Personal name 94(100)"1939/1945"
Holdings
Stav vyradenia Strata Poškodenie Spôsob nadobudnutia Domovská knižnica Aktuálna knižnica Dátum nadobudnutia Total checkouts Čiarový kód exemplára Date last seen Typ exemplára
      Dar Obecná knižnica Turčianska Štiavnička Obecná knižnica Turčianska Štiavnička 13.05.2026   4738001306 13.05.2026 Odborná literatúra pre dospelých
Projekt je podporený Slovenskou asociáciou knižníc
Prevádzkuje Turčianska knižnica Martin 2026